000 00215nam a2200097Ia 4500
008 190216s9999||||xx |||||||||||||| ||und||
100 _aLakshmisharma
245 0 _aGad Prama
260 _bVellakkal Books
942 _cBK
999 _c15443
_d15443